00786nam a2200193Ia 450000100060000000300040000600500170001000800410002702000180006804000130008608200190009910000360011824502260015426001530038030000110053354600120054465000100055670000260056647703OSt20160421094225.0140429s9999 xx 000 0 und d a9789647025690 cPK-LaUMT aR 297.03bDAA- aSabet-e-bn-e Mohamamd-e-Jorjani a(دائرۃ المعارف بزرگ اسلامی)Daairah tul Maaraf bazrag Islami [The great Islamic encyclopedia] (Persian)c(صبط بن محمد جورجانی) (Sabet-e-bn-e Mohamamd-e-Jorjani<>Kaezm Musavi Bojnurdi a(تہران ، ایران)Tehran,Iran:b(مرکز دائیرۃ المعارف بزرگ اسلامی)Markaz Daairah tul Maaraf Bazrag Islami,c1968 a780 p. aPersian aIslam aKaezm Musavi Bojnurdi